IPL centurions - Statistics

General Stats
  • This quiz has been taken 322 times
  • The average score is 37 of 87
Answer Stats
Score Cricketer % Correct
175* Chris Gayle
95%
128* Chris Gayle
95%
117 Chris Gayle
95%
107 Chris Gayle
95%
104* Chris Gayle
95%
102* Chris Gayle
95%
113 Virat Kohli
95%
109 Virat Kohli
95%
108* Virat Kohli
95%
101* Virat Kohli
95%
100* Virat Kohli
95%
100 Virat Kohli
95%
100 Virat Kohli
95%
109* Rohit Sharma
77%
133* Ab de Villiers
72%
129* Ab de Villiers
72%
105* Ab de Villiers
72%
158* Brendon McCullum
70%
100* Brendon McCullum
70%
132* KL Rahul
62%
103* KL Rahul
62%
103* KL Rahul
62%
100* KL Rahul
62%
126 David Warner
61%
109* David Warner
61%
107* David Warner
61%
100* David Warner
61%
100* Suresh Raina
54%
124 Jos Buttler
49%
116 Jos Buttler
49%
106* Jos Buttler
49%
103 Jos Buttler
49%
100 Jos Buttler
49%
100* Sachin Tendulkar
49%
117* Shane Watson
44%
106 Shane Watson
44%
104* Shane Watson
44%
101 Shane Watson
44%
140* Quinton de Kock
43%
108 Quinton de Kock
43%
129 Shubman Gill
43%
104* Shubman Gill
43%
101 Shubman Gill
43%
101* Ruturaj Gaikwad
39%
128* Rishabh Pant
33%
119 Sanju Samson
33%
102* Sanju Samson
33%
102 Sanju Samson
33%
127 Murali Vijay
31%
113 Murali Vijay
31%
114* Manish Pandey
30%
103* Suryakumar Yadav
29%
101* David Miller
24%
124 Yashasvi Jaiswal
23%
109* Adam Gilchrist
21%
106 Adam Gilchrist
21%
114 Jonny Bairstow
20%
116* Michael Hussey
20%
115 Shaun Marsh
20%
101 Steve Smith
20%
120* Paul Valthaty
17%
101* Devdutt Padikkal
15%
106* Shikar Dhawan
15%
101* Shikar Dhawan
15%
100* Ambati Rayudu
14%
106 Mayank Agarwal
14%
112* Rajat Patidar
14%
115* Wriddhiman Saha
14%
105* Ajinkya Rahane
13%
103* Ajinkya Rahane
13%
107* Ben Stokes
13%
103* Ben Stokes
13%
100 Yusuf Pathan
13%
104* Hashim Amla
12%
104 Hashim Amla
12%
104 Venkatesh Iyer
12%
122 Virendar Sehwag
12%
119 Virendar Sehwag
12%
100* Harry Brook
10%
100* Lendl Simmons
8%
114* Sanath Jayasuriya
8%
117* Andrew Symonds
7%
100* Cameron Green
7%
110* Mahela Jayawardene
6%
103 Prabhsimran Singh
5%
104 Heinrich Klassen
4%
103* Kevin Pieterson
4%
No matching quizzes found
Score Distribution
Percent of People with Each Score
Percentile by Number Answered
Your Score History
You have not taken this quiz